00446 2200181 4500001002100000005001500021008004100036020001800077035001900095041000700114082001000121090001600131100001500147245002500162260003700187300002400224650001600248INLIS00000000001354020241224114557241224||||||||| | ||| |||| || |  a979-692-238-X 0010-1224013540 aid0 a302.2 a302.2 SOB s0 aALEX SOBUR00aSemiotika Komunikasi aBandungbRemaja Rosdakaryac2003 axxix+333hlm;16x24cm 0aIlmu Sosial